00539nam a2200193 a 4500001001300000003000900013005001700022008004100039020002300080082001700103100002000120245005700140260004000197300000900237500003500246505001800281650002600299700002000325nice12345678IN_TiNIC20260116014129.0100216s2009 newa grp 000 0 eng  a9788125036883c67500a923.261bBAN aBanerjee, Samir aNotes from Gandhigramb Challenges to Gandian Praxis aNew Delhi bOrient Blackswan c2009 a252p aincludes index and biblioraphy2 abiblio, index aGandhi-Social Service1 aBanerjee, Samir